000 00489nam a22001817a 4500
003 NUST
005 20260127135756.0
008 260127b ||||| |||| 00| 0 eng d
020 _a978-1-941234-52-5
082 _a378-166
100 _aPrep, Manhattan.
_989304
245 _a5 lb. Book of GRE Practice Problems /
_cPrep, Manhattan.
250 _a2nd Edition
260 _bManhattan Prep Publishing,
_c2017.
300 _a1055 p ;
_c28.9 cm.
563 _aPaperback
942 _2ddc
_cBK
999 _c615961
_d615961